000 00690nam a2200289Ia 4500
005 20260324121459.0
008 008 260324s9999 xx 000 0 eng d
020 _a9781315795126
037 _aEBOOK
040 _aCRL
040 _beng
040 _cCRL
041 _2eng
041 _aeng
084 _qCRL
100 _aAnnette Breaux; Todd Whitaker
_91162687
245 0 _aSeven Simple Secrets
245 0 _bWhat the BEST Teachers Know and Do!
260 _bTaylor and Francis
260 _c2014
365 _a
365 _b180
856 _uhttp://www.taylorfrancis.com/books/9781315795126
942 _cEBOOK
999 _c1754804
_d1754804